Acesso ̉Justiȧ

Bibliographic Details
Main Author: Goulart de Sena Orsini, Adriana
Format: eBook
Language:Portuguese
Published: Belo Horizonte: Initia Via Editora, 2012
Subjects:
Online Access:Acceso restringido

MARC

LEADER 00000nam a22000007a 4500
005 20210420230946.0
007 cr|||| ||||
008 210420s2012 br |||||s|||| 00||0 por d
020 |a 978-85-64912-42-7 
035 |a 33001 
040 |a vLex 
090 |c 11489  |d 11489 
100 1 |a Goulart de Sena Orsini, Adriana 
245 1 0 |a Acesso ̉Justiȧ  |h [Recurso electrn̤ico] /  |c Adriana Goulart de Sena Orsini 
256 |a Servicio en ln̕ea 
260 |a Belo Horizonte:  |b Initia Via Editora,  |c 2012 
300 |a 1 recurso electrn̤ico 
506 1 |a Disponible solo en los productos indicados  |d vLex Global  |d vLex Global (Academic Edition, excluding Law Schools)  |d vLex Global (U.S. Academic Edition, Law Schools)  |d vLex Global (U.S. Academic Edition, excluding Law Schools)  |d vLex Global (Academic Edition, Law Schools) 
650 0 4 |a Derecho Pb︢lico y Administrativo  |z Brasil 
740 0 |a vLex Libros (Servicio en ln̕ea) 
856 4 0 |u https://vlex.com/source/acesso-justi-a-33001  |z Acceso restringido 
942 |c BOOK 
999 0 |a Public and Administrative Law